Ekonomika a řízení vědeckotechnického rozvoje

Uložené v:
Podrobná bibliografia
Médium: Seriál
Jazyk:Czech
Vydavateľské údaje: Praha Ústav pro ekonomiku a řízení vědeckotechnického rozvoje 1984
Tagy: Pridať tag
Žiadne tagy, Buďte prvý, kto otaguje tento záznam!

MARC

LEADER 00000nas2a2200000 4500
001 s024179
005 20251111084157.5
041 0 |a cze 
044 |a CZ 
245 1 0 |a Ekonomika a řízení vědeckotechnického rozvoje 
264 1 |a Praha  |b Ústav pro ekonomiku a řízení vědeckotechnického rozvoje  |c 1984 
300 |a 1 zv. 
773 0 |w eu_un_cat*s121051